Obálka Náhled e-knihy:
PDF Epub
Pro půjčování e-knih musíte být přihlášeni.
Jak si půjčit online?

Největší fotbalové hvězdy : neoficiální příběh. Kylian Mbappé /

Životní příběh slavného fotbalisty z Paříže, který dokázal jít vytrvale za svým snem.

Uloženo v:
Série:Největší fotbalové hvězdy, část
Hlavní autor: Meredith, Harry (Autor)
Další autoři: Kubík, Zdeněk, 1976- (Autor)
Médium: E-kniha
Jazyk:Czech
Vydáno: V Brně : CPress, 2026
Vydání:1. vydání
Témata:
Příbuzné jednotky:Z cyklu:: Největší fotbalové hvězdy
Tagy:
Žádné tagy
LEADER 03581cam a2200745 i 4500
001 312903
003 CZ PrSKC
005 20260601215730.0
007 ta
008 260219s2026 xr a b 000 jbcze
015 |a cnb003739679 
020 |a 9788026459033  |q (brožováno) :  |c Kč 229,00 
035 |a (OCoLC)1584375948 
040 |a ABG001  |b cze  |d OLA001  |e rda 
041 1 |a cze  |h eng 
043 |a e-fr--- 
045 |a y0y2 
072 7 |a 821.111-3  |x Anglická próza, anglicky psaná  |2 Konspekt 
072 7 |a 821-93  |x Literatura pro děti a mládež (beletrie)  |2 Konspekt 
080 |a 821.111-32  |2 MRF 
080 |a 821-93  |2 MRF 
080 |a 796.332.071.2  |2 MRF 
080 |a 796.332.056.24  |2 MRF 
080 |a 796.332  |2 MRF 
080 |a 929  |2 MRF 
080 |a (44)  |2 MRF 
080 |a (0:82-322.6)  |2 MRF 
100 1 |a Meredith, Harry  |7 xx0342157  |4 aut 
240 1 0 |a Kylian Mbappé.  |l Česky 
245 1 0 |a Největší fotbalové hvězdy :  |b neoficiální příběh.  |p Kylian Mbappé /  |c Harry Meredith ; z anglického originálu Football rising stars, Kylian Mbappé ... přeložil Zdeněk Kubík 
246 3 0 |a Kylian Mbappé 
250 |a 1. vydání 
264 1 |a V Brně :  |b CPress,  |c 2026 
300 |a 123 stran :  |b ilustrace ;  |c 20 cm 
336 |a text  |b txt  |2 rdacontent 
337 |a bez média  |b n  |2 rdamedia 
338 |a svazek  |b nc  |2 rdacarrier 
520 2 |a Životní příběh slavného fotbalisty z Paříže, který dokázal jít vytrvale za svým snem.  |b Kylianu Mbappému bylo teprve devatenáct let, když se stal nejmladším skórujícím střelcem ve finále mistrovství světa od dob brazilské legendy Pelého. Už tehdy byl výjimečným střelcem Monaca a PSG ve francouzské Ligue 1, ale právě turnaj v roce 2018 z něj udělal mezinárodní hvězdu. Kylian, jehož idolem byl v dětství především Cristiano Ronaldo, dnes sám stojí po boku portugalské hvězdy mezi nejlepšími hráči světa. Nakladatelská anotace. 
521 8 |a Pro čtenáře od 7 let 
546 |a Český text 
600 1 7 |a Mbappé, Kylian,  |d 1998-  |7 xx0247317  |2 czenas 
648 7 |a 21. století  |7 ch460559  |2 czenas 
648 4 |a 2006-2026 
650 0 7 |a fotbalisté  |7 ph114579  |z Francie  |y 21. století  |2 czenas 
650 0 7 |a fotbaloví útočníci  |7 ph114582  |z Francie  |y 21. století  |2 czenas 
650 0 7 |a fotbal  |7 ph114578  |y 21. století  |2 czenas 
650 0 9 |a soccer players  |z France  |y 21st century  |2 eczenas 
650 0 9 |a soccer attackers  |z France  |y 21st century  |2 eczenas 
650 0 9 |a soccer  |y 21st century  |2 eczenas 
655 7 |a anglické příběhy  |7 fd131813  |2 czenas 
655 7 |a biografické příběhy  |7 fd131953  |2 czenas 
655 7 |a publikace pro děti  |7 fd133156  |2 czenas 
655 9 |a English stories  |2 eczenas 
655 9 |a biographical stories  |2 eczenas 
655 9 |a children's literature  |2 eczenas 
700 1 |a Kubík, Zdeněk,  |d 1976-  |7 hka2015886846  |4 trl 
710 2 |a CPress (nakladatelství)  |7 ko2016932359  |4 pbl 
765 1 |t Football rising stars 
787 0 8 |i Z cyklu:  |t Největší fotbalové hvězdy 
900 |a ABA001  |b 20 
928 9 |a Albatros Media - CPress 
044 |a xr 
910 |a RBIT002 
998 |d 424907  |a https://core.palmknihy.cz/api/books/424907/cover?ta0mci  |b https://core.palmknihy.cz/api/books/424907/cover/400?ta0mci  |c https://core.palmknihy.cz/api/books/424907/cover/50?ta0mci  |e 2031-08-18  |g 128  |i 9788026459033  |j https://core.palmknihy.cz/api/books/424907/preview.epub  |k https://core.palmknihy.cz/api/books/424907/preview.pdf  |l   |q 49  |r 1  |s https://www.palmknihy.cz/kniha/424907  |t ebook  |y 2026  |z 0 
999 |d 312901